2011 AFL Premiership Team - Statistics

General Stats
  • This quiz has been taken 112 times
  • The average score is 17 of 24
Answer Stats
Hint Answer % Correct
Premiership Team Geelong
96%
Centre Half Forward Tom Hawkins
96%
Wing Joel Selwood
95%
Coach Chris Scott
94%
Centre Jimmy Bartel
91%
Forward Pocket Paul Chapman
91%
Full Back Matthew Scarlett
89%
Half Forward Flank Steve Johnson
84%
Centre Half Back Harry Taylor
79%
Ruck Rover Cameron Ling
78%
Half Back Flank Corey Enright
78%
Ruck Brad Ottens
75%
Wing Andrew Mackie
73%
Interchange Mathew Stokes
69%
Half Forward Flank Travis Varcoe
65%
Full Forward James Podsiadly
63%
Interchange (Sub) Mitch Duncan
63%
Back Pocket Josh Hunt
62%
Half Back Flank David Wojcinski
58%
Rover Joel Corey
58%
Interchange James Kelly
56%
Back Pocket Tom Lonergan
56%
Interchange Allen Christensen
52%
Forward Pocket Trent West
27%
No matching quizzes found
Score Distribution
Percent of People with Each Score
Percentile by Number Answered
Your Score History
You have not taken this quiz